Reportoire of the acoustic communication of the azure jay Cyanocorax caeruleus (Vieillot) (aves, Corvidae) (Registro nro. 13041)

Detalles MARC
000 -CABECERA
Campo de control 006400000a22001930004500
090 ## - CLASIFICACIÓN LOCAL
Colección AR
Consecutivo 04008
041 0# - IDIOMA
Código de idioma para texto/pista de sonido o título separado
100 1# - ASIENTO PRINCIPAL--NOMBRE PERSONAL
Nombre personal Dos Anjos, Luiz
245 10 - MENCION DE TITULO
Título Reportoire of the acoustic communication of the azure jay Cyanocorax caeruleus (Vieillot) (aves, Corvidae)
500 ## - NOTA GENERAL
Nota general <Curso de Bioacústica>
650 14 - ASIENTO SECUNDARIO DE MATERIA - TERMINO TEMATICO
Término temático o nombre geográfico como elemento de entrada Bioacústica
650 14 - ASIENTO SECUNDARIO DE MATERIA - TERMINO TEMATICO
Término temático o nombre geográfico como elemento de entrada Aves
650 14 - ASIENTO SECUNDARIO DE MATERIA - TERMINO TEMATICO
Término temático o nombre geográfico como elemento de entrada Etología
651 #4 - ASIENTO SECUNDARIO DE MATERIA - NOMBRE GEOGRAFICO
-- Curitiba
-- Paraná
-- Brasil
653 ## - TERMINO DE INDIZACION - NO CONTROLADO
-- Cyanocorax
-- Cyanocorax caeruleus
700 1# - ASIENTO SECUNDARIO - NOMBRE PERSONAL
Nombre personal Vielliard, Jacques M.
773 1# - Item fuente:
Título Revista Brasilera de Zoología
Descripción física 4
Paginas del Articulo 657-664
Lugar, editorial y fecha de publicación 1993
Información sobre la relación 10
942 ## - ELEMENTOS ADICIONALES (KOHA)
Tipo de ítem Artículo
Existencias
Withdrawn status Lost status Damaged status No para préstamo Colección Ubicación Permanente Ubicación actual Fecha de adquisición Fuente de Valor Datos de publicación Seriada Total Checkouts Número topográfico Inventario / Código de Barras Date last seen Price effective from Forma de adquisición Tipo de material
      No para Préstamo Hemeroteca Bogotá Bogotá 27/02/2015 Curso de Bioacústica Fuera de circulación   AR 04008 017579 25/03/2015 25/03/2015   Artículo